NBA All-Southwest Team - Statistics

General Stats
  • This quiz has been taken 16 times
  • The average score is 11 of 15
Answer Stats
Roster Position Player NBA Team % Correct
Starter Power Forward Dirk Nowitzki Dallas Mavericks
100%
Starter Center Anthony Davis New Orleans Pelicans*
93%
Starter Shooting Guard James Harden Houston Rockets
93%
Starter Small Forward Kawhi Leonard San Antonio Spurs
93%
3rd String Point Guard Tony Parker San Antonio Spurs
93%
Backup Power Forward LaMarcus Aldridge San Antonio Spurs
87%
Starter Point Guard Mike Conley Memphis Grizzlies
80%
Backup Point Guard Jrue Holiday New Orleans Pelicans
73%
3rd String Center Dwight Howard Houston Rockets
67%
Backup Center Zach Randolph Memphis Grizzlies*
67%
Backup Small Forward Chandler Parsons Dallas Mavericks
60%
3rd String Small Forward Trevor Ariza Houston Rockets
60%
3rd String Power Forward Ryan Anderson New Orleans Pelicans
47%
Backup Shooting Guard Wesley Matthews Dallas Mavericks
47%
3rd String Shooting Guard Deron Williams Dallas Mavericks*
7%
No matching quizzes found
Score Distribution
Percent of People with Each Score
Percentile by Number Answered
Your Score History
You have not taken this quiz